000 00327 a2200157 4500
001 151620
040 _cEscola São Tomás de Aquino
100 _aAPPLEGATE, K.A
240 1 0 _aA captura
_lpor
245 1 0 _aA captura
300 _a137
362 0 _a2001
440 1 _aRocco
697 _a*LITERATURA JUVENIL
942 _cBK
999 _c151620
_d151620